| 000 | 00436nam a2200205Ia 4500 | ||
|---|---|---|---|
| 001 | 12428 | ||
| 003 | GE_BSU | ||
| 008 | 181216s||||||||xx |||||||||||||| ||und|| | ||
| 020 | _a9780099432388 | ||
| 040 | _cGE_BSU | ||
| 080 | _a821.111-312.4 | ||
| 100 | _aRyan,Chris. | ||
| 245 | _aLand of Fire. | ||
| 260 | _aLondon. | ||
| 260 | _bArrow Books. | ||
| 260 | _c2002 | ||
| 300 | _a442p;18cm. | ||
| 653 | _aLand of Fire. | ||
| 942 | _cBK | ||
| 999 |
_c45602 _d45602 |
||